2024-25 NHL Jersey Number Quiz - Statistics

General Stats
  • This quiz has been taken 587 times
  • The average score is 34 of 96
Answer Stats
Jersey # Player Name % Correct
#8 Tyson Barrie | Zeev Buium | Michael Bunting | Brent Burns | Drake Caggiula | Ben Chiarot | Noah Dobson | Ryan Donato | Drew Doughty | Andreas Englund | Cale Fleury | Conor Garland | Dennis Gilbert | Johnathan Kovacevic | Cale Makar | Mike Matheson | J.T. Miller | Alex Ovechkin | Nick Schmaltz | Nico Sturm | Chris Tanev | Jacob Trouba | Zach Werenski | Cam York
83%
#1 Eric Comrie | Casey DeSmith | Lukas Dostal | Ukko-Pekka Luukkonen | Leevi Merilainen | Victor Ostman | Jakub Skarek | Erik Portillo | Jeremy Swayman
74%
#97 Kirill Kaprizov | Connor McDavid
74%
#2 Simon Benoit | Tobias Bjornfot | Evan Bouchard | Jake Christiansen | Dylan DeMelo | Brian Dumoulin | Jackson LaCombe | Olli Maatta | Rutger McGroarty | Mike Reilly | Luke Schenn | Brendan Smith | Will Smith | Zach Whitecloud | Artem Zub
73%
#87 Sidney Crosby
68%
#98 Connor Bedard | Jack Roslovic | Mikhail Sergachev | Ilya Solovyov
67%
#13 Cam Atkinson | Arshdeep Bains | Mathew Barzal | Cole Caufield | Charlie Coyle | Robby Fabbri | Adam Ginning | Kevin Hayes | Nico Hischier | Mattias Janmark | Alexis Lafreniere | Valeri Nichushkin | Josh Norris | Juuso Parssinen | Sam Reinhart | Brandon Tanev | Alexey Toropchenko | Yakov Trenin | Gabriel Vilardi | Jakub Vrana
66%
#88 Nils Aman | Patrick Kane | Andrew Mangiapane | Martin Necas | William Nylander | David Pastrnak | Nate Schmidt | Andrei Vasilevskiy
66%
#29 Justus Annunen | Mackenzie Blackwood | Pheonix Copley | Leon Draisaitl | Vince Dunn | Marc-Andre Fleury | Nolan Foote | Pontus Holmberg | Samuel Honzek | Hendrix Lapierre | Nathan MacKinnon | Beck Malenstyn | Bradly Nadeau | Brock Nelson | Jake Oettinger | Marcus Pettersson | Matthew Robertson | Jack Williams | Parker Wotherspoon
63%
#71 Macklin Celebrini | Anthony Cirelli | Walker Duehr | Jake Evans | Tyson Foerster | Nikita Grebenkin | Ridly Greig | Taylor Hall | Mathieu Joseph | William Karlsson | Dylan Larkin | Evgeni Malkin | Ryan McLeod | Juuso Parssinen | Calum Ritchie | Jonas Siegenthaler | Oliver Wahlstrom
63%
#11 Mikael Backlund | Max Domi | Anthony Duclair | Trent Frederic | Brendan Gallagher | Luke Glendening | Dylan Guenther | Travis Konecny | Anze Kopitar | Luke Kunin | Casey Mittelstadt | Oliver Moore | Mason Morelli | Brock Nelson | Stefan Noesen | Vasiliy Ponomarev | Jordan Staal | Logan Stankoven | Vladimir Tarasenko | Trevor Zegras
61%
#9 Sam Bennett | Zach Benson | Jamie Drysdale | Jack Eichel | Filip Forsberg | Noah Gregor | Alex Iafallo | Clayton Keller | Adrian Kempe | Ryan Leonard | J.T. Miller | Josh Norris | Ivan Provorov | Chandler Stephenson | Alexandre Texier | T.J. Tynan
61%
#7 Kevin Bahl | Kyle Burroughs | Marc Del Gaizo | Vincent Desharnais | Jordan Eberle | Brock Faber | Radko Gudas | Dougie Hamilton | Michael Kesselring | Dmitry Kulikov | Sean Kuraly | Vladislav Namestnikov | Dmitry Orlov | Alex Pietrangelo | Carson Soucy | Nico Sturm | Brady Tkachuk | Devon Toews | Maxim Tsyplakov
59%
#16 Jack Ahcan | Aleksander Barkov | Jason Dickinson | Pavel Dorofeyev | Morgan Frost | Marc Gatcomb | Julien Gauthier | Nathan Legare | Mitch Marner | Juuso Parssinen | Taylor Raddysh | Ryan Strome | Ryan Suzuki | Vincent Trocheck | Colin White
57%
#86 Joel Farabee | Jack Hughes | Rory Kerins | Nikita Kucherov | Kirill Marchenko | Teuvo Teravainen
56%
#91 Leo Carlsson | Josh Doan | Carl Grundstrom | Kent Johnson | Nazem Kadri | Evander Kane | Oliver Kapanen | Dawson Mercer | Frank Nazar | Cole Perfetti | Tyler Seguin | Reilly Smith | Daniel Sprong | Steven Stamkos | John Tavares | Nikita Zadorov
56%
#14 Nathan Bastian | Jamie Benn | Sean Couturier | Mattias Ekholm | Joel Eriksson Ek | Conor Geekie | Nicolas Hague | Ville Heinola | Bo Horvat | Bokondji Imama | Jan Jenik | Kevin Korchinski | Joseph LaBate | Alex Laferriere | Connor Mackey | Ian Mitchell | Tyler Motte | Gustav Nyquist | Nick Suzuki | Chris Wagner
56%
#34 Jake Allen | Adam Boqvist | Cameron Crotty | Phillip Di Giuseppe | Grant Hutton | Kaapo Kahkonen | Arthur Kaliyev | Alex Lyon | Auston Matthews | Pavel Mintyukov | Petr Mrazek | Dustin Tokarski
53%
#10 Oskar Back | Matty Beniers | Bobby Brink | Charlie Coyle | A.J. Greer | Simon Holmstrom | Jonathan Huberdeau | Tanner Jeannot | Henri Jokiharju | Klim Kostin | Maveric Lamoureux | Drew O'Connor | Artemi Panarin | Nicolas Roy | Derek Ryan | Brayden Schenn | Colton Sissons | Daniel Sprong | Riley Tufte | Dmitri Voronkov
53%
#4 Rasmus Andersson | Samuel Bolduc | Bowen Byram | Cody Ceci | Nathan Clurman | Tony DeAngelo | Cam Fowler | Shayne Gostisbehere | Miro Heiskanen | Seth Jones | Matt Kiersted | Nick Leddy | Jonathon Merrill | Neal Pionk | Braden Schneider | Cole Sillinger | Juuso Valimaki
52%
#20 Sebastian Aho | Zach Aston-Reese | Justin Barron | Kieffer Bellows | Kyle Capobianco | Blake Coleman | Ross Colton | Lars Eller | Hudson Fasching | Ryan Greene | Danton Heinen | Quinn Hutson | Albert Johansson | Henri Jokiharju | Chris Kreider | Jiri Kulich | Brett Leason | Nick Paul | Jesse Puljujarvi | Brandon Saad | Juraj Slafkovsky | Conor Timmins | Eeli Tolvanen | Fabian Zetterlund
51%
#19 Drake Batherson | John Beecher | Brendan Brisson | Connor Dewar | Adam Fantilli | Cody Glass | David Gustafsson | Garnet Hathaway | Adam Henrique | Calle Jarnkrok | Peyton Krebs | Jared McCann | Devin Shore | Reilly Smith | Troy Terry | Matthew Tkachuk | Jakub Vrana
50%
#96 Nicolas Aube-Kubel | Andrei Kuzmenko | Mikko Rantanen | Jack Roslovic | Jake Walman
49%
#3 Will Borgen | Matt Dumba | Helge Grans | Justin Holl | Nick Jensen | Jack Johnson | Seth Jones | Matt Kiersted | Jeremy Lauzon | John Ludvig | Brayden McNabb | Dakota Mermis | Adam Pelech | Matt Roy | Jack St. Ivany | Henry Thrun
48%
#43 Frederic Brunet | Tye Felhaber | Marc Gatcomb | Danton Heinen | Drew Helleson | Luke Hughes | Quinn Hughes | Adam Klapka | Tyler Kleven | Carter Mazur | Jacob Moverare | Petr Mrazek | Darren Raddysh | Tom Wilson
47%
#6 Lian Bischel | Brock Boeser | Philip Broberg | Jakob Chychrun | Brian Dumoulin | Joel Edmundson | Dennis Gilbert | Erik Johnson | Zachary Jones | Kaedan Korczak | Adam Larsson | Mason Lohrei | John Marino | Jaycob Megna | Colin Miller | Ryan Pulock | Sam Rinzel | Travis Sanheim
47%
#93 Alex DeBrincat | Ivan Demidov | Gage Goncalves | Brad Lambert | Fraser Minten | Daniil Misyul | Ryan Nugent-Hopkins | Mika Zibanejad
45%
#21 Nick Cousins | Michael Eyssimont | Trent Frederic | Brendan Gaunce | Kaiden Guhle | Nils Hoglander | Brett Howden | Scott Laughton | Jake Lucchini | Isac Lundestrom | Marc McLaughlin | Kyle Palmieri | Brayden Point | Aliaksei Protas | Jason Robertson | Kevin Rooney | Jimmy Snuggerud | Jordan Spence | Dominic Toninato | James van Riemsdyk | Alexander Wennberg
45%
#72 Anthony Beauvillier | Sergei Bobrovsky | Travis Boyd | Thomas Chabot | Filip Chytil | William Eklund | Justin Faulk | Tage Thompson | Alex Vlasic | Arber Xhekaj
44%
#17 Josh Anderson | Nick Bjugstad | Thomas Bordeleau | Will Borgen | Justin Danforth | Marcus Foligno | Nick Foligno | Cam Fowler | Filip Hronek | Ben Hutton | Mark Jankowski | Parker Kelly | Alex Killorn | Adam Lowry | Jett Luchanko | Zack MacEwen | Matt Martin | Simon Nemec | Evan Rodrigues | Bryan Rust | Jaden Schwartz | Yegor Sharangovich | Dylan Strome | Jason Zucker
44%
#23 Karsen Dorwart | Michael Eyssimont | Adam Fox | Barclay Goodrow | Travis Hamonic | Matthew Knies | Vladislav Kolyachonok | Philipp Kurashev | Jonathan Lekkerimaki | Esa Lindell | Fabian Lysell | Kurtis MacDermid | Mason McTavish | Sean Monahan | Lucas Raymond | Marco Rossi | Mattias Samuelsson | Michael Sgarbossa | Carter Verhaeghe
42%
#5 Wyatt Aamodt | Matt Benning | Jalen Chatfield | Vincent Desharnais | Brenden Dillon | Aaron Ekblad | Andreas Englund | Kevin Gravel | Nils Lundkvist | Denton Mateychuk | Jacob Middleton | Connor Murphy | Chad Ruhwedel | Luke Schenn | Ryan Shea | Urho Vaakanainen | Yegor Zamula
42%
#24 Jake Bean | Jacob Bernard-Docker | Zach Bogosian | Seamus Casey | Dylan Cozens | Phillip Danault | Travis Dermott | Connor Dewar | Haydn Fleury | Matt Grzelcyk | Roope Hintz | Seth Jarvis | Kaapo Kakko | Scott Laughton | Logan Mailloux | Scott Mayfield | Connor McMichael | Oskar Olausson | Jamie Oleksiak | Mathieu Olivier | Nick Seeler | Carson Soucy | Justin Sourdif | Spencer Stastney | Pius Suter | Austin Watson
40%
#18 Rodrigo Abols | Andrew Copp | Jack Drury | Pierre Engvall | Robert Hagg | Vinnie Hinostroza | Zach Hyman | Steven Lorentz | Thomas Novak | Drew O'Connor | Ondrej Palat | Jesse Puljujarvi | Sam Steel | Tim Stutzle | Robert Thomas | Urho Vaakanainen | Pavel Zacha
40%
#35 Joey Daccord | Thatcher Demko | Dennis Hildeby | Ville Husso | Tristan Jarry | Aleksei Kolosov | Darcy Kuemper | Tristan Lennox | Sam Montembeault | Olivier Rodrigue | Ilya Samsonov | Linus Ullmark
39%
#92 Brandt Clarke | Logan Cooley | Marco Kasper | Marat Khusnutdinov | Patrik Laine | Gabriel Landeskog | Tomas Nosek | Alexander Nylander | Vasily Podkolzin
38%
#90 Nikita Chibrikov | Marcus Johansson | Tyler Johnson | Victor Mancini | Elvis Merzlikins | J.J. Moser | Ryan O'Reilly | Corey Perry | Anthony Richard | Tomas Tatar | Joe Veleno
38%
#63 Jesper Bratt | Evgenii Dadonov | Matias Maccelli | Brad Marchand | Ivan Miroshnichenko | Jake Neighbours | Zack Ostapchuk | Isak Rosen | Max Sasson
37%
#25 Matej Blumel | Jonas Brodin | Brandon Carlo | Dennis Cholowski | Joakim Kemell | Jordan Kyrou | Jacob Markstrom | Alec Martinez | Darnell Nurse | Logan O'Connor | Elias Pettersson | Ryan Poehling | Owen Power | Mackie Samoskevich | Conor Timmins
37%
#73 Vincent Desharnais | Parker Ford | Jet Greaves | Noah Gregor | Pierre-Olivier Joseph | Charlie McAvoy | Lukas Reichel | Matt Rempe | Conor Sheary | Brandon Tanev | Tyler Toffoli
37%
#27 Alexander Alexeyev | Zach Aston-Reese | Alex Barre-Boulet | Noah Cates | Matthew Coronato | Jonathan Drouin | Nikolaj Ehlers | Derek Forbort | Ryan Graves | Barrett Hayton | Tyson Jost | Brett Kulak | Anders Lee | Devon Levi | Hampus Lindholm | Eetu Luostarinen | Mason Marchment | Ryan McDonagh | Michael Rasmussen | Shea Theodore
36%
#28 Jaret Anderson-Dolan | Connor Brown | William Carrier | Ian Cole | Colton Dach | Christian Dvorak | Zemgus Girgensons | Claude Giroux | Jani Hakanpaa | Tanner Laczynski | Elias Lindholm | Josh Mahura | Timo Meier | Gustav Nyquist | Liam Ohgren | Alexander Petrovic | Marcus Pettersson | Alexander Romanov | Jeffery Viel | Miles Wood
36%
#22 Michael Amadio | Joey Anderson | Mason Appleton | Oliver Bjorkstrand | Mavrik Bourque | Jonny Brodzinski | Brandon Duhaime | Kevin Fiala | Jordan Harris | Jere Innala | Marat Khusnutdinov | Jack McBain | Jake McCabe | Jakob Pelletier | Brett Pesce | Andrew Poturalski | Samuel Poulin | Jack Quinn | Matthew Savoie | Cole Schwindt | Logan Stankoven | Ryan Suter
36%
#15 Colin Blackwell | Shane Bowers | Justin Brazeau | Dante Fabbro | Noah Hanifin | John Hayden | Matthew Highmore | Dryden Hunt | Alex Kerfoot | Joona Koppanen | Nikolai Kovalenko | Rasmus Kupari | Anton Lundell | Olle Lycksell | Sonny Milano | Alex Newhook | Craig Smith | Alex Turcotte
35%
#77 Skyler Brind'Amour | Kirby Dach | Tony DeAngelo | Simon Edvinsson | Luke Evangelista | Victor Hedman | Mark Jankowski | Erik Johnson | Pierre-Olivier Joseph | Pat Maroon | Niko Mikkola | JJ Peterka | Frank Vatrano
35%
#32 John Farinacci | Filip Gustavsson | Kevin Lankinen | Kyle MacLean | Jonathan Quick | Dustin Wolf
34%
#30 Yaroslav Askarov | Joel Blomqvist | Joel Hofer | Spencer Knight | Matt Murray | Calvin Pickard | Cayden Primeau | Ilya Sorokin | Ales Stezka | Jesper Wallstedt
34%
#95 Andre Burakovsky | Matt Duchene | Oliver Ekman-Larsson | Vinni Lettieri | Ilya Mikheyev | Victor Olofsson
32%
#31 Frederik Andersen | Anton Forsberg | Philipp Grubauer | Jonas Johansson | David Rittich | Georgi Romanov | Hunter Shepard | Igor Shesterkin | Arturs Silovs | Matt Villalta
32%
#40 Joel Armia | Alexandar Georgiev | Elias Pettersson | Akira Schmid | Arvid Soderblom | Mads Sogaard | Fedor Svechkov | Daniil Tarasov | Semyon Varlamov
32%
#12 Matt Boldy | Radek Faksa | Liam Foudy | Jonah Gadjovich | Cody Glass | Jordan Greenway | Vinnie Hinostroza | Arttu Hyry | Tye Kartye | Trevor Moore | Shane Pinto | Owen Sillinger
32%
#55 Noel Acciari | Matt Benning | Justin Brazeau | Guillaume Brisebois | Quinton Byfield | Walker Duehr | Thomas Harley | David Jiricek | Keegan Kolesar | Artyom Levshunov | Ryan Lindgren | Colton Parayko | Michael Pezzetta | Rasmus Ristolainen | Mark Scheifele | Givani Smith
32%
#74 Rasmus Asplund | John Carlson | Jake DeBrusk | Jan Jenik | Bobby McMann | Ian Moore | Juuse Saros | Stuart Skinner | Jaccob Slavin | Owen Tippett
31%
#59 Tyler Bertuzzi | Frederic Brunet | Yegor Chinakov | Angus Crookshank | Jake Guentzel | Roman Josi | Kirill Kurdyavtsev | Ben Meyers | Jimmy Schuldt
30%
#67 Declan Carlile | Lawson Crouse | Tristan Luneau | James Malatesta | Keaton Middleton | Max Pacioretty | Rickard Rakell | Mitchell Stephens
29%
#44 Mikey Anderson | Josh Brown | Cody Ceci | Dennis Cholowski | Calvin de Haan | Travis Dermott | Nicolas Deslauriers | Joshua Dunne | Erik Gudbranson | Joel Hanley | Ross Johnston | Henri Jokiharju | Wyatt Kaiser | Josh Morrissey | Jean-Gabriel Pageau | Morgan Rielly | Matthew Robertson | Corey Schueneman | Kiefer Sherwood | Marc-Edouard Vlasic
29%
#37 Nick Blankenburg | J.T. Compher | Justin Dowling | Warren Foegele | Yanni Gourde | Connor Hellebuyck | Timothy Liljegren | Casey Mittelstadt | Donovan Sebrango | Andrei Svechnikov
29%
#36 Emil Andrae | Morgan Barron | Lucas Carlsson | Christian Fischer | Isaiah George | John Gibson | Patrick Giles | John Klingberg | Raphael Lavoie | Dakota Mermis | Noah Ostlund | Cole Smith | Matthew Stienburg | Aydar Suniev | Mats Zuccarello
28%
#48 Jonatan Berggren | Hunter Brzustewicz | Tye Felhaber | Morgan Frost | Brian Halonen |Tomas Hertl | Daemon Hunt | Lane Hutson | Tyson Kozak | Jordan Martinook | Nicklaus Perbix | Scott Perunovich | Noah Philp | Valtteri Puustinen | Logan Thompson | Jeffery Viel
27%
#26 Uvis Balinskis | Kieffer Bellows | Erik Brannstrom | Rasmus Dahlin | Nic Dowd | Alexander Holtz | Brock McGinn | Marc McLaughlin | Scott Peronuvich | Akil Thomas | Jack Thompson | Philip Tomasino | Jimmy Vesey | Oliver Wahlstrom | Nathan Walker | Sean Walker | Ryan Winterton
27%
#53 Jackson Blake | Teddy Blueger | Michael Carcone | Casey Cizikas | Ty Dellandrea | Dylan Duke | Ethen Frank | Wyatt Johnston | Moritz Seider | Jeff Skinner | Philip Tomasino
26%
#81 Jonathan Marchessault | Erik Cernak | Kyle Connor | Adam Gaudette | Dylan Holloway | Dakota Joshua | Sam Lafferty
26%
#39 Mackenzie Blackwood | Sam Carrick | Morgan Geekie | Isaiah George | Mike Hardman | Connor Ingram | Ben Jones | Niklas Kokko | Jeff Malott | Anthony Mantha | Matvei Michkov | Fraser Minten | Ty Mueller | Alex Nedeljkovic | Cam Talbot
26%
#65 Brett Berard | Maxwell Crozier | Luca Del Bel Belluz | Erik Karlsson | Jacob Trouba
25%
#38 Chase Bradley | Patrick Brown | Ethan Del Mastro | Mario Ferraro | Brandon Hagel | Jansen Harkins | Ryan Hartman | Boone Jenner | Jani Nyman | Liam O'Brien | Zack Ostapchuk | Owen Pickering | Rasmus Sandin
25%
#50 Jordan Binnington | Will Cuylle | Nico Daws | Sean Durzi | Marcus Hogberg | Trent Miner | Eric Robinson | Dominik Shine
25%
#64 Sam Colangelo | Mikael Granlund | David Kampf | Steven Santini | Corey Schueneman | Logan Stanley
25%
#89 Andreas Athanasiou | Pavel Buchnevich | Domenick Fensore | Frederick Gaudreau | Zayne Parekh | Nicholas Robertson | Joshua Roy | Alex Tuch | Ozzy Wiesblatt
24%
#75 Connor Clifton | Jakub Dobes | Daniil Gushchin | Brandon Halverson | Ryan Reaves | Tyler Tucker
24%
#58 Michael Bunting | Connor Carrick | Justin Kirkland | Oliver Kylington | Kris Letang | David Savard
24%
#61 Clark Bishop | Trevor Lewis | Cutter Gauthier | Jacob Quillan | Riley Stillman | Mark Stone
21%
#47 Declan Chisholm | Paul Cotter | Girgori Denisenko | Liam Foudy | Noah Juulsen | Mark Kastelic | Torey Krug | Andre Lee | Michael McCarron | James Reimer | Jayden Struble | Connor Zary
21%
#41 Robert Bortuzzo | Mitchell Chaffee | Ryker Evans | Ville Koivunen | Spencer Martin | Gustav Nyquist | Isaak Phillips | Jason Polin | Anthony Stolarz | Vitek Vanecek | Scott Wedgewood
20%
#51 Mark Friedman | Collin Graf | Emil Heineman | Matthew Kessel | Nikolai Kovalenko | Philippe Myers | Matthew Poitras | Cole Reinhardt | Troy Stecher | Shane Wright | Olen Zellweger
19%
#42 Nolan Allan | Luca Cagnoni | Martin Fehervary | Gustav Forsling | Hayden Hodgson | Samuel Honzek | Kasperi Kapanen | Curtis Lazar | Josh Manson | Georgii Merkulov | Ty Smith | Tim Washe
19%
#76 Zachary Bolduc | Skyler Brind'Amour | Martin Pospisil | Isaac Ratcliffe | Brady Skjei
19%
#33 Viktor Arvidsson | Drew Commesso | Sebastian Cossa | Samuel Ersson | Brandon Halverson | Adin Hill | Ville Husso | Ryan Johnson | Nikolas Matinpalo | Jaxson Stauber | Clay Stevenson
18%
#70 Jesper Boqvist | Louis Domingue | Joonas Korpisalo | Ryan Lomberg | Sam Malinski | Tanner Pearson | Oskar Sundqvist | Karel Vejmelka
17%
#57 Nick DeSimone | Dante Fabbro | Brett Murray | Tyler Myers | David Perron | Trevor van Riemsdyk
17%
#45 Gavin Brindley | Alexandre Carrier | Cole Koepke | Sam Morton
16%
#49 Ivan Barbashev | Ty Emberson | Samuel Girard | Rafael Harvey-Pinard | Justin Hryckowian | Max Jones | Scott Sabourin
16%
#60 Justus Annunen | Michael Milne | Yaniv Perets | Nikita Tolopilo | Joseph Woll
16%
#46 Louis Crevier | Max Jones | Blake Lizotte | Cameron Lund | Ilya Lyubushkin | Ville Ottavainen | Jeff Petry | Justin Robidas | Jonas Rondjberg | Jared Spurgeon | Alex Steeves
16%
#62 Owen Beck | Riley Duran | Jack Finley | Kevin Labanc | Joseph LaBate | Raphael Lavoie | Artturi Lehkonen | Daniil Miromanov | Brandon Montour | Nikita Nesterenko | Nino Niederreiter
16%
#80 Pierre-Luc Dubois | Daniel Vladar
15%
#56 Ethan Cardwell | Erik Gustafsson | Erik Haula | Scott Morrow | Kailer Yamamoto
14%
#85 Cam Dineen | Shakir Mukhamadullin | Nikita Prishchepov | Jake Sanderson | Elmer Soderblom | Ryan Ufko
13%
#94 Linus Karlsson | Joel Kiviranta | Jakub Lauko | Brayden Pachal | Gabriel Perreault
13%
#84 Adam Edstrom | Vladislav Gavrikov | Kaapo Kakko | William Lagesson | Jan Rutta | Landon Slaggert
11%
#52 Justin Barron | Emil Bemstrom | Dylan Coghlan | Reese Johnson | Pyotr Kotchetkov | Vladislav Kolyachonok | Dylan McIlrath | Andrew Peeke | Taylor Ward | MacKenzie Weegar | Matthew Wood
11%
#82 Lucas Condotta | Ivan Fedotov | Ivan Ivan | Caleb Jones | Jesperi Kotkaniemi | Thomas Novak | Jordan Oesterle | Mikael Pyyhtia | Kevin Stenlund
11%
#79 Michael Callahan | Samuel Helenius | Charlie Lindgren | K'Andre Miller | Cole Schwindt
10%
#78 T.J. Brodie | Jacob Bryson | Jacob Gaucher | Emil Martinsen Lilleberg | Brennan Othmann | Damon Severson
10%
#54 Dalibor Dvorsky | Patrick Giles | Juha Jaaska | Aatu Raty | Dylan Samberg | Givani Smith
8%
#68 Callahan Burke | Devin Kaplan | Zachary L'Heureux
6%
#83 Matthew Nieto | Adam Wilsby
6%
No matching quizzes found
Score Distribution
Percent of People with Each Score
Percentile by Number Answered
Your Score History
You have not taken this quiz